[Event "Ruhrgebiet Verbandsklasse Gruppe 1 1718"]
[Site "Germany"]
[Date "2018.03.18"]
[Round "8.7"]
[White "Boettger, Siegfried"]
[Black "Schlee, Ulrich"]
[Result "0-1"]
[WhiteElo "1458"]
[BlackElo "1694"]
[PlyCount "58"]
[EventDate "2017.09.17"]
[EventType "team-tourn"]
[EventRounds "9"]
[EventCountry "GER"]
[SourceTitle "EXT 2022"]
[Source "ChessBase"]
[SourceDate "2021.10.06"]
[SourceVersion "1"]
[SourceVersionDate "2021.10.06"]
[SourceQuality "1"]
[WhiteTeam "Eving SV Rochade"]
[BlackTeam "Wattenscheid SV III"]
[WhiteTeamCountry "GER"]
[BlackTeamCountry "GER"]

1. e4 e5 2. Nf3 Nc6 3. Bb5 a6 4. Ba4 Nf6 5. 0-0 Be7 6. d4 exd4 7. e5 Nd5 8. Bb3 Nb6 9. Re1 0-0 10. a3 d5 11. Nxd4 Nxd4 12. Qxd4 c5 13. Qd1 Be6 14. Nd2 Qc7 15. c3 Rad8 16. Nf3 Bg4 17. h3 Bh5 18. g4 Bg6 19. Bg5 Be4 20. Bxe7 Qxe7 21. Nd2 Bd3 22. Nf3 Bb5 23. Kh2 Bc6 24. Kg3 Qc7 25. Kg2 d4 26. Qd3 c4 27. Bxc4 Nxc4 28. Kf1 Bxf3 29. Qxf3 Nd2+ 0-1